<?xml version="1.0" encoding="UTF-8"?>
<record
    xmlns:xsi="http://www.w3.org/2001/XMLSchema-instance"
    xsi:schemaLocation="http://www.loc.gov/MARC21/slim http://www.loc.gov/standards/marcxml/schema/MARC21slim.xsd"
    xmlns="http://www.loc.gov/MARC21/slim">

  <leader>00897cam a22002651  4500</leader>
  <controlfield tag="001">6918320</controlfield>
  <controlfield tag="003">OSt</controlfield>
  <controlfield tag="005">20250401162005.0</controlfield>
  <controlfield tag="008">770421s1942    ilu      b    000 0 eng  </controlfield>
  <datafield tag="010" ind1=" " ind2=" ">
    <subfield code="a">   42016434 </subfield>
  </datafield>
  <datafield tag="020" ind1=" " ind2=" ">
    <subfield code="a">9966982124</subfield>
  </datafield>
  <datafield tag="035" ind1=" " ind2=" ">
    <subfield code="a">(OCoLC)2905267</subfield>
  </datafield>
  <datafield tag="040" ind1=" " ind2=" ">
    <subfield code="a">DLC</subfield>
    <subfield code="c">ScU</subfield>
    <subfield code="d">ScU</subfield>
    <subfield code="d">OCoLC</subfield>
    <subfield code="d">DLC</subfield>
  </datafield>
  <datafield tag="042" ind1=" " ind2=" ">
    <subfield code="a">premarc</subfield>
  </datafield>
  <datafield tag="050" ind1="0" ind2="0">
    <subfield code="a">GE 90</subfield>
    <subfield code="b">.K4N43 2013</subfield>
  </datafield>
  <datafield tag="100" ind1=" " ind2=" ">
    <subfield code="a">Ayub Macharia Ndaruga</subfield>
    <subfield code="9">57881</subfield>
  </datafield>
  <datafield tag="245" ind1="1" ind2="0">
    <subfield code="a">Innovative Environmental Education Methodologies :</subfield>
    <subfield code="b">Case study analysis on practice</subfield>
    <subfield code="c">Ayub Macharia Ndaruga</subfield>
  </datafield>
  <datafield tag="260" ind1=" " ind2=" ">
    <subfield code="a">Nairobi,</subfield>
    <subfield code="b">Manilla Publishers</subfield>
    <subfield code="c">2013</subfield>
  </datafield>
  <datafield tag="300" ind1=" " ind2=" ">
    <subfield code="a">xv,173 p.</subfield>
  </datafield>
  <datafield tag="504" ind1=" " ind2=" ">
    <subfield code="a">Includes Bibliographies</subfield>
  </datafield>
  <datafield tag="650" ind1=" " ind2="0">
    <subfield code="a">Human beings</subfield>
    <subfield code="x">Effect of environment on.</subfield>
    <subfield code="9">101</subfield>
  </datafield>
  <datafield tag="650" ind1=" " ind2="0">
    <subfield code="a">Environmental education--Kenya  </subfield>
    <subfield code="x">Sustainable development--Study and teaching--Kenya.</subfield>
    <subfield code="9">57882</subfield>
  </datafield>
  <datafield tag="906" ind1=" " ind2=" ">
    <subfield code="a">7</subfield>
    <subfield code="b">cbc</subfield>
    <subfield code="c">oclcrpl</subfield>
    <subfield code="d">u</subfield>
    <subfield code="e">ncip</subfield>
    <subfield code="f">19</subfield>
    <subfield code="g">y-gencatlg</subfield>
  </datafield>
  <datafield tag="942" ind1=" " ind2=" ">
    <subfield code="2">lcc</subfield>
    <subfield code="c">BK</subfield>
  </datafield>
  <datafield tag="999" ind1=" " ind2=" ">
    <subfield code="c">68360</subfield>
    <subfield code="d">68334</subfield>
  </datafield>
  <datafield tag="952" ind1=" " ind2=" ">
    <subfield code="0">0</subfield>
    <subfield code="1">0</subfield>
    <subfield code="2">lcc</subfield>
    <subfield code="4">0</subfield>
    <subfield code="7">0</subfield>
    <subfield code="8">GEN</subfield>
    <subfield code="a">CPL</subfield>
    <subfield code="b">CPL</subfield>
    <subfield code="c">PROC</subfield>
    <subfield code="d">2025-03-26</subfield>
    <subfield code="e">Donation - Nema</subfield>
    <subfield code="g">15.40</subfield>
    <subfield code="l">0</subfield>
    <subfield code="o">GE 90 .K4N43 2013</subfield>
    <subfield code="p">T10798W3232</subfield>
    <subfield code="r">2025-04-01 16:27:44</subfield>
    <subfield code="t">1</subfield>
    <subfield code="v">15.40</subfield>
    <subfield code="w">2025-04-01</subfield>
    <subfield code="y">BK</subfield>
  </datafield>
  <datafield tag="952" ind1=" " ind2=" ">
    <subfield code="0">0</subfield>
    <subfield code="1">0</subfield>
    <subfield code="2">lcc</subfield>
    <subfield code="4">0</subfield>
    <subfield code="7">0</subfield>
    <subfield code="8">GEN</subfield>
    <subfield code="a">CPL</subfield>
    <subfield code="b">CPL</subfield>
    <subfield code="c">PROC</subfield>
    <subfield code="d">2025-03-26</subfield>
    <subfield code="e">Donation - Nema</subfield>
    <subfield code="g">15.40</subfield>
    <subfield code="l">0</subfield>
    <subfield code="o">GE 90 .K4N43 2013</subfield>
    <subfield code="p">T10799W3232</subfield>
    <subfield code="r">2025-04-01 16:34:13</subfield>
    <subfield code="t">2</subfield>
    <subfield code="v">15.40</subfield>
    <subfield code="w">2025-04-01</subfield>
    <subfield code="y">BK</subfield>
  </datafield>
  <datafield tag="952" ind1=" " ind2=" ">
    <subfield code="0">0</subfield>
    <subfield code="1">0</subfield>
    <subfield code="2">lcc</subfield>
    <subfield code="4">0</subfield>
    <subfield code="7">0</subfield>
    <subfield code="8">GEN</subfield>
    <subfield code="a">CPL</subfield>
    <subfield code="b">CPL</subfield>
    <subfield code="c">PROC</subfield>
    <subfield code="d">2025-03-26</subfield>
    <subfield code="e">Donation - Nema</subfield>
    <subfield code="g">15.40</subfield>
    <subfield code="l">0</subfield>
    <subfield code="o">GE 90 .K4N43 2013</subfield>
    <subfield code="p">T10800W3232</subfield>
    <subfield code="r">2025-04-01 16:37:48</subfield>
    <subfield code="t">3</subfield>
    <subfield code="v">15.40</subfield>
    <subfield code="w">2025-04-01</subfield>
    <subfield code="y">BK</subfield>
  </datafield>
</record>
